Reasearch [i. e. Research] of conditions of material destruction by electric pulse discharges; Korus 2000; Part 3 : Machine Parts and Materials Processing

Detaylı Bibliyografya
Parent link:Korus 2000: proceedings the 4th Korea-Russia International Symposium on Science and Technology, June 27 - July 1, 2000 at the University of Ulsan, Republic of Korea.— , 2000
Part 3 : Machine Parts and Materials Processing.— 2000.— P. 346-349
Diğer Yazarlar: Boev S., Vazhov (Vajov) V. F. Vladislav Fedorovich, Zhgun (Jgun) D. V. Dmitry Vladimirovich, Kalyatskii I.
Özet:The possibilities of electropulse destruction of nonconductive materials and boring at various laboratory and field conditions have been studied at Tomsk Polytechnic University during many years. This work is devoted to determining the possibilities of water use to demolish granite and concrete at large distance between the electrodes. It was found that the breakdown voltage during the pulse drop is 1.5-2.0 times less than that for the case when the discharge happens during the pulse rise. Consequently, we have less voltage amplitude and current leakage in water. The possibilities and the efficiency of the electropulse destruction of rock and concrete in water are discussed.
Dil:Rusça
Baskı/Yayın Bilgisi: 2000
Konular:
Materyal Türü: Kitap Bölümü
KOHA link:https://koha.lib.tpu.ru/cgi-bin/koha/opac-detail.pl?biblionumber=259340

MARC

LEADER 00000naa2a2200000 4500
001 259340
005 20231226170130.0
035 |a (RuTPU)RU\TPU\book\282266 
035 |a RU\TPU\book\259484 
090 |a 259340 
100 |a 20140507d2000 k y0rusy50 ca 
101 0 |a rus 
102 |a RU 
200 1 |a Reasearch [i. e. Research] of conditions of material destruction by electric pulse discharges  |f S. Boev [et al.] 
320 |a References: p. 349 (3 tit.) 
330 |a The possibilities of electropulse destruction of nonconductive materials and boring at various laboratory and field conditions have been studied at Tomsk Polytechnic University during many years. This work is devoted to determining the possibilities of water use to demolish granite and concrete at large distance between the electrodes. It was found that the breakdown voltage during the pulse drop is 1.5-2.0 times less than that for the case when the discharge happens during the pulse rise. Consequently, we have less voltage amplitude and current leakage in water. The possibilities and the efficiency of the electropulse destruction of rock and concrete in water are discussed. 
461 0 |0 (RuTPU)RU\TPU\book\22067  |t Korus 2000  |o proceedings the 4th Korea-Russia International Symposium on Science and Technology, June 27 - July 1, 2000 at the University of Ulsan, Republic of Korea  |d 2000 
463 0 |0 (RuTPU)RU\TPU\book\22069  |y 0-7803-6486-4  |t Part 3 : Machine Parts and Materials Processing  |v P. 346-349  |d 2000  |p 427 p. 
610 1 |a труды учёных ТПУ 
701 1 |a Boev  |b S. 
701 1 |a Vazhov (Vajov)  |b V. F.  |c specialist in the field of power engineering  |c Associate Professor of Tomsk Polytechnic University, Candidate of technical sciences  |f 1939-  |g Vladislav Fedorovich  |3 (RuTPU)RU\TPU\pers\32301 
701 1 |a Zhgun (Jgun)  |b D. V.  |c electrophysicist  |c associate Professor of Tomsk Polytechnic University, candidate of technical Sciences  |f 1974-  |g Dmitry Vladimirovich  |3 (RuTPU)RU\TPU\pers\32318  |9 16293 
701 1 |a Kalyatskii  |b I. 
801 1 |a RU  |b 63413507  |c 20130523 
801 2 |a RU  |b 63413507  |c 20150924  |g RCR 
942 |c BK